000 00734nam a2200289Ia 4500
005 20260324111341.0
008 008 260324s9999 xx 000 0 eng d
020 _a9781003546177
037 _aEBOOK
040 _aCRL
040 _beng
040 _cCRL
041 _2eng
041 _aeng
084 _qCRL
100 _aAna Benavides; Walter Aaron Clark
_91138194
245 0 _aSpanish Piano Music and Folklore from the Eighteenth to Early Twentieth Centuries
245 0 _bCrossing Paths
260 _bTaylor and Francis
260 _c2025
365 _a
365 _b230
856 _uhttp://www.taylorfrancis.com/books/9781003546177
942 _cEBOOK
999 _c1726990
_d1726990